00470nam a2200181Ia 4500008004100000020001400041050001400055100002000069245004800089245005200137260001500189260001600204260000900220300001400229300002700243300001000270500000800280170918s9999 xx 000 0 und d a590436112 bA237 1989 aAdler, David A. 2aA picture book of Martin Luther King, Jr. / cDavid A. Adler ; illustrated by Robert Casilla. aNew York : bScholastic, c1989 aunpaged : bcolored illustration ; c21cm. a680